000
00341nam a2200145Ia 4500
003
OSt
005
20240103154526.0
008
170524s9999 xx 000 0 und d
020
_a
8120320174
040
_c
iimt university meerut
100
_a
CONWAY
245
0
_a
UNLOCKING KNOWLEDGE ASSET
260
_b
HIMALYA PUB. HOUSE
942
_2
ddc
_c
02
999
_c
7973
_d
7973